İçeriği atla

Advances in Law Studies, 2015, № 3 Научно-теоретический журнал

Kaydedildi:
Detaylı Bibliyografya
Materyal Türü: Журнал
Edisyon:1
Online Erişim:https://znanium.com/catalog/document?id=44977
https://znanium.com/cover/0520/520247.jpg
Etiketler: Etiketle
Etiket eklenmemiş, İlk siz ekleyin!
LEADER 01152nam0a2200241 i 4500
001 RU\infra-m\znanium\bibl\520247
003 https://znanium.com/catalog/document?id=44977
005 20250131000000.0
100 |a 20250131d2015 m y0rusy0150 ca 
101 0 |a rus 
102 |a RU 
200 1 |a Advances in Law Studies, 2015, № 3  |e Научно-теоретический журнал  |e Журнал 
205 |a 1 
210 1 |a Москва  |c Издательский Центр РИОР  |d 2015 
215 |a 150 с. 
333 |a Дополнительное профессиональное образование 
606 |a Право. Юридические науки  |x Право. Общие вопросы  |2 local 
608 |a Журнал  |2 local 
675 |a 34  |z rus 
686 |a 67  |2 rubbk 
801 0 |a RU  |b Общество с ограниченной ответственностью «ЗНАНИУМ»  |c 20150708  |2 rusmarc 
856 4 |a znanium.com  |m ebs_support@infra-m.ru  |n НИЦ ИНФРА-М  |u https://znanium.com/catalog/document?id=44977 
856 4 1 |a znanium.com  |d /cover/0520  |f 520247.jpg  |q image/jpeg  |u https://znanium.com/cover/0520/520247.jpg